ბათუმის შოთა რუსთაველის სახელმწიფო უნივერსიტეტის ბიბლიოთეკა

ორგანული და ნივთიერი კუთვნილების კატეგორია ადიღეურ ენაში (ბიბ.ჩანაწერი № 51047)

000 -LEADER
fixed length control field 00871nam a2200229Ia 4500
001 - CONTROL NUMBER
control field 18004
003 - CONTROL NUMBER IDENTIFIER
control field GE_BSU
008 - FIXED-LENGTH DATA ELEMENTS--GENERAL INFORMATION
fixed length control field 181216s||||||||xx |||||||||||||| ||und||
040 ## - CATALOGING SOURCE
Transcribing agency GE_BSU
080 ## - UNIVERSAL DECIMAL CLASSIFICATION NUMBER
Universal Decimal Classification number 811.352.3
100 ## - MAIN ENTRY--PERSONAL NAME
Personal name როგავა, გ.
245 ## - TITLE STATEMENT
Title ორგანული და ნივთიერი კუთვნილების კატეგორია ადიღეურ ენაში
260 ## - PUBLICATION, DISTRIBUTION, ETC.
Place of publication, distribution, etc. თბილისი
260 ## - PUBLICATION, DISTRIBUTION, ETC.
Name of publisher, distributor, etc. თბილ. უნ-ტის გამ-ბა
260 ## - PUBLICATION, DISTRIBUTION, ETC.
Date of publication, distribution, etc. 1980
300 ## - PHYSICAL DESCRIPTION
Extent 147გვ. ; 20სმ
520 ## - SUMMARY, ETC.
Summary, etc. რეზ. რუს
653 ## - INDEX TERM--UNCONTROLLED
Uncontrolled term ადიღეური ენა
653 ## - INDEX TERM--UNCONTROLLED
Uncontrolled term ორგანული და ნივთიერი კუთვნილების კატეგორია ადიღეურ ენაში
942 ## - ADDED ENTRY ELEMENTS (KOHA)
Koha item type წიგნი
ეგზემპლარები
Withdrawn status Lost status Damaged status Not for loan Date acquired Barcode Date last seen Price effective from Koha item type
        2018-12-17 45916 2018-12-17 2018-12-17 წიგნი